000 01218aam a2200409a 44500
008 930106s1991 cat
017 _aB-33930-1990
020 _a8472794474
041 _acat
041 _beng
041 _bfre
041 _bger
041 _bspa
080 _a621.31(038)
100 _aGarcia i Soler, J.
_965600
245 _aDiccionari de l'empresa elèctrica
_cEster Soler i Cerezo; Jordi Garcia i Soler; Lluís Rius i Alcaraz
260 _aBarcelona
_bLa Llar del Llibre
_c1991
300 _a154 p.
_c25 cm
500 _aArbre de camp, categoria gramatical, sinònims
500 _aÍndex català: p.113. Índex castellà: p.121. Índex francès: p.131. Índex anglès: p.139. Índex alemany: p.147
500 _btermcat
520 _a958
546 _acatalà
591 _a2698
592 _aObra terminològica
593 _aGQB
594 _a2698
650 _acentrals elèctriques
_961934
650 _aenergia elèctrica
_963042
700 _aRius i Alcaraz, L.
_965601
700 _aSoler i Cerezo, Ester
_965602
901 _c<1991>
902 _a930106
942 _cMO
_n0
_2ddc
999 _c54636
_d54636